| 000 | 00652nam a2200205Ia 4500 | ||
|---|---|---|---|
| 001 | 1569 | ||
| 003 | GE_BSU | ||
| 008 | 181216s||||||||xx |||||||||||||| ||und|| | ||
| 040 | _cGE_BSU | ||
| 080 | _a699.8 | ||
| 245 | _aСтоительные нормы и правила СН и П II-7-81-4-II. Глава 7. Строительство в сейсмических районах. | ||
| 245 | _bНормы проектирования. | ||
| 260 | _aМ. | ||
| 260 | _bСтройиздат. | ||
| 260 | _c1982. | ||
| 300 | _a48 стр. 25 см. | ||
| 541 | _h3 л. | ||
| 653 | _aСтоительные нормы и правила. | ||
| 942 | _cBK | ||
| 999 |
_c35696 _d35696 |
||